| 000 | 00412nam a2200157Ia 4500 | ||
|---|---|---|---|
| 008 | 231217s9999 xx 000 0 und d | ||
| 041 | _aEnglish | ||
| 082 | _a658.3153 SRI;1 | ||
| 100 | _aSrivastava, S C | ||
| 245 | 0 | _aIndustrial relations and labour laws | |
| 250 | _a4th ed. | ||
| 260 |
_c2000 _bNew Delhi : Vikas, |
||
| 300 | _axxxiii+716 | ||
| 650 | _aIndustrial,relations,labour,laws | ||
| 942 | _cAA | ||
| 999 |
_c169043 _d169043 |
||